Diccionario trilingüe castellano, bascuence y latín / (Record no. 157144)
[ view plain ]
| 000 -LEADER | |
|---|---|
| campo de control de longitud fija | 01111nam a2200241 i 4500 |
| 001 - NÚMERO DE CONTROL | |
| campo de control | 157144 |
| 003 - IDENTIFICADOR DE NÚMERO DE CONTROL | |
| campo de control | ES-MaACL |
| 005 - FECHA Y HORA DE LA ÚLTIMA TRANSACCIÓN | |
| campo de control | 20250813063332.0 |
| 008 - DATOS DE LONGITUD FIJA--INFORMACIÓN GENERAL | |
| campo de control de longitud fija | 960711s1853 sp |||| | spa d |
| 040 ## - FUENTE DE CATALOGACIÓN | |
| Centro catalogador/agencia de origen | CLM |
| Lengua de catalogación | spa |
| Centro/agencia transcriptor | CLM |
| 100 1# - ENTRADA PRINCIPAL--NOMBRE DE PERSONA | |
| Nombre de persona | Larramendi, Manuel de, |
| Fechas asociadas al nombre | 1690-1766 |
| 9 (RLIN) | 70303 |
| 245 10 - MENCIÓN DEL TÍTULO | |
| Título | Diccionario trilingüe castellano, bascuence y latín / |
| Mención de responsabilidad, etc. | por M. de Larramendi. |
| 250 ## - MENCION DE EDICION | |
| Mención de edición | Nueva ed. |
| Resto de la mención de edición | publicada por Pío de Zuaza. |
| 260 ## - PUBLICACIÓN, DISTRIBUCIÓN, ETC. | |
| Lugar de publicación, distribución, etc. | San Sebastián : |
| Nombre del editor, distribuidor, etc. | Pío de Zuaza, |
| Fecha de publicación, distribución, etc. | 1853 ( |
| Fabricante | Establecimiento tipográfico-literario del editor) |
| 300 ## - DESCRIPCIÓN FÍSICA | |
| Extensión | 2 tom. en 1 v. (XVI, [14], CCV, 510 ; 440, VI p.) ; |
| Dimensiones | 30 cm. |
| 530 ## - NOTA DISPONIBLE DE FORMULARIO FÍSICO ADICIONAL | |
| Nota de formato físico adicional disponible | Disponible en formato digital. |
| 650 #4 - PUNTO DE ACCESO ADICIONAL DE MATERIA--TÉRMINO DE MATERIA | |
| Término de materia o nombre geográfico como elemento de entrada | Lengua española- |
| Subdivisión de forma | Diccionarios- |
| Subdivisión general | Vasco. |
| 9 (RLIN) | 141577 |
| 650 04 - PUNTO DE ACCESO ADICIONAL DE MATERIA--TÉRMINO DE MATERIA | |
| Término de materia o nombre geográfico como elemento de entrada | Lengua española- |
| Subdivisión de forma | Diccionarios- |
| Subdivisión general | Latín. |
| 9 (RLIN) | 14144 |
| 700 1# - ENTRADA AGREGADA--NOMBRE PERSONAL | |
| Nombre de persona | Zuazua, Pío. |
| 9 (RLIN) | 134056 |
| 852 ## - LOCALIZACIÓN | |
| Ubicación | ES-MaACL |
| Número de control de estantería | C-2551 |
| Nota libre | -- Enc. hol. |
| -- | -- 2 t. en 1 v. |
| Encuadernación | -- Edic.: 2 v. ([6], XVI, [14], CCV, 444, V, [4]; [6], 510, [2] en bl., VI p.) |
| 856 ## - LOCALIZACIÓN Y ACCESO ELECTRÓNICOS | |
| Identificador Uniforme de Recursos | <a href="http://bdh-rd.bne.es/viewer.vm?id=0000237983&page=1 ">http://bdh-rd.bne.es/viewer.vm?id=0000237983&page=1 </a> |
| Nota pública | Biblioteca Digital Hispánica |
| Estatus retirado | Estado de pérdida | Estado de daño | No para préstamo | Colección | Biblioteca de origen | Biblioteca actual | Ubicación en estantería | Fecha de adquisición | Fuente de adquisición | Total de préstamos | Signatura topográfica completa | Código de barras | Visto por última vez | Precio de reemplazo | Tipo de ítem Koha |
|---|---|---|---|---|---|---|---|---|---|---|---|---|---|---|---|
| Colección digital | Biblioteca del Ateneo de Madrid | Biblioteca del Ateneo de Madrid | Sala Palomar | 17/01/2008 | C-2551 | 1164420 | 23/02/2023 | 23/02/2023 | Libro impreso antiguo |
